[Event "OLNN 2324 Hamburger SK III - SK Doppelba"]
[Site "?"]
[Date "2024.04.28"]
[Round "9.3"]
[White "Saglam, Buelent"]
[Black "Holinka, Henning"]
[Result "1/2-1/2"]
[WhiteElo "2095"]
[BlackElo "2198"]
[PlyCount "110"]
[EventDate "2024.??.??"]

1. d4 d5 2. c4 e6 3. Nc3 Nf6 4. cxd5 exd5 5. Bg5 Bb4 6. e3 h6 7. Bxf6 Qxf6 8. Qb3 Bxc3+ 9. bxc3 c6 10. Nf3 O-O 11. Bd3 Nd7 12. O-O Re8 13. Rae1 Nb6 14. a4 Bf5 15. Bxf5 Qxf5 16. a5 Nc4 17. Qxb7 Nxa5 18. Qa6 Nc4 19. Qxc6 a5 20. Ra1 Rac8 21. Qa4 Re4 22. Qc2 Rc6 23. Nd2 Nxd2 24. Qxd2 Ra6 25. Qd3 Qc8 26. f3 Re7 27. e4 Rg6 28. Kh1 dxe4 29. fxe4 Qg4 30. Qf3 Qxe4 31. Qxe4 Rxe4 32. Rxa5 Rc6 33. Ra8+ Kh7 34. Ra3 Re3 35. Rc1 Rc4 36. Kg1 Rxd4 37. cxd4 Rxa3 38. Rd1 Kg6 39. Rd2 Kf6 40. Kf1 Ke6 41. Ke2 Kd5 42. Rb2 Ra7 43. Kd3 Ra3+ 44. Ke2 g5 45. Rb6 f5 46. Rxh6 Kxd4 47. Re6 g4 48. Kf2 f4 49. Rg6 Ra2+ 50. Kf1 Ke4 51. Re6+ Kf5 52. Re8 Ra1+ 53. Kf2 Rh1 54. Rf8+ Kg5 55. Rg8+ Kf5 1/2-1/2

[Event "OLNN 2324 Hamburger SK III - SK Doppelba"]
[Site "?"]
[Date "2024.04.28"]
[Round "9.4"]
[White "Brinkmann, Fabian"]
[Black "Ghadimi, Mohammed Reza"]
[Result "1/2-1/2"]
[WhiteElo "2192"]
[BlackElo "2132"]
[PlyCount "107"]
[EventDate "2024.??.??"]

1. e4 e5 2. Nf3 Nc6 3. Bb5 a6 4. Ba4 Nf6 5. O-O b5 6. Bb3 Nxe4 7. d4 d5 8. dxe5 Be6 9. c3 Be7 10. Nbd2 Nc5 11. Bc2 d4 12. cxd4 Nxd4 13. Nxd4 Qxd4 14. Qe2 Rd8 15. Nf3 Qc4 16. Qxc4 Bxc4 17. Rd1 Rxd1+ 18. Bxd1 Nd3 19. b3 Bd5 20. Be3 O-O 21. Be2 Be4 22. Nd2 Bg6 23. f4 Nb4 24. Rc1 Nc2 25. Kf2 Ba3 26. Rd1 Rd8 27. Nf1 Rxd1 28. Bxd1 Nb4 29. Ng3 Bb1 30. Ne2 Nxa2 31. Kf3 c5 32. g4 c4 33. bxc4 bxc4 34. Bd2 Bb4 35. Bxb4 Nxb4 36. Ke3 Bd3 37. Nc3 Nc6 38. Ba4 Ne7 39. f5 f6 40. Kd4 fxe5+ 41. Kxe5 h6 42. Bd7 Kf7 43. h4 a5 44. g5 hxg5 45. hxg5 Kf8 46. f6 gxf6+ 47. gxf6 Ng6+ 48. Kd4 Nf4 49. Ke5 Ne2 50. Nxe2 Bxe2 51. Kd4 Kf7 52. Kc3 Kxf6 53. Bb5 Ke5 54. Bxc4 1/2-1/2

[Event "OLNN 2324 Hamburger SK III - SK Doppelba"]
[Site "?"]
[Date "2024.04.28"]
[Round "9.7"]
[White "Wanner, Lukas"]
[Black "Schumacher, Norbert"]
[Result "1/2-1/2"]
[WhiteElo "2108"]
[BlackElo "2101"]
[PlyCount "56"]
[EventDate "2024.??.??"]

1. c4 c5 2. g3 g6 3. Bg2 Bg7 4. Nc3 Nc6 5. a3 e6 6. Rb1 a5 7. d3 Nge7 8. Nf3 O-O 9. O-O d5 10. Bf4 e5 11. cxd5 exf4 12. dxc6 fxg3 13. hxg3 Nxc6 14. Qa4 Bd7 15. Qf4 Rc8 16. Ne4 b6 17. Rfe1 h6 18. Nd6 Rb8 19. Nc4 Qe7 20. Qd6 Rfe8 21. Qxe7 Rxe7 22. a4 g5 23. Kf1 Nb4 24. b3 Na2 25. Nfd2 Nc3 26. Rbc1 Na2 27. Rb1 Nc3 28. Rbc1 Na2 1/2-1/2

[Event "OLNN 2324 Hamburger SK III - SK Doppelba"]
[Site "?"]
[Date "2024.04.28"]
[Round "9.8"]
[White "Kastek, Thomas"]
[Black "Luckow, Rolf"]
[Result "0-1"]
[WhiteElo "2160"]
[BlackElo "2172"]
[PlyCount "80"]
[EventDate "2024.??.??"]

1. d4 Nf6 2. c4 e6 3. Nf3 d5 4. Nc3 Be7 5. Bg5 c6 6. e3 Nbd7 7. Bd3 h6 8. Bh4 O-O 9. O-O c5 10. Rc1 cxd4 11. exd4 dxc4 12. Bxc4 Nd5 13. Bg3 Nxc3 14. bxc3 Nf6 15. Ne5 Bd7 16. Qd3 Bc6 17. Nxc6 bxc6 18. Ba6 Qd7 19. Rb1 Bd6 20. Bb7 Rab8 21. Bxd6 Qxd6 22. Qa6 Ne4 23. Rfc1 Qf4 24. Rc2 Qc7 25. Rb3 Rfd8 26. Qxc6 Qxc6 27. Bxc6 Nd6 28. Rxb8 Rxb8 29. Kf1 Rc8 30. Ba4 Ne4 31. f3 Nxc3 32. Ke1 Rc7 33. Kd2 Nd5 34. Rxc7 Nxc7 35. Kd3 Nd5 36. Kc4 Kf8 37. g4 Ke7 38. Bc6 Nf4 39. d5 Kd6 40. dxe6 Kxc6 0-1

[Event "OLNN 2324 SK Johanneum Eppendorf - Scha"]
[Site "?"]
[Date "2024.04.28"]
[Round "9.1"]
[White "Nedic, Dusan"]
[Black "Wegner, Hannu"]
[Result "1/2-1/2"]
[WhiteElo "2339"]
[BlackElo "2356"]
[PlyCount "33"]
[EventDate "2024.??.??"]

1. d4 d5 2. Bf4 e6 3. e3 Bd6 4. Bg3 Nf6 5. Nd2 O-O 6. Ngf3 c5 7. c3 Qc7 8. dxc5 Qxc5 9. Be2 Rd8 10. Rc1 Bxg3 11. hxg3 Qe7 12. Ne5 Nbd7 13. Ndf3 Nxe5 14. Nxe5 Nd7 15. Nf3 Nf8 16. Qd4 f6 17. O-O 1/2-1/2

[Event "OLNN 2324 SK Johanneum Eppendorf - Scha"]
[Site "?"]
[Date "2024.04.28"]
[Round "9.2"]
[White "von Gleich, Alexander"]
[Black "Ritscher, Jan-Paul"]
[Result "1-0"]
[WhiteElo "2208"]
[BlackElo "2244"]
[PlyCount "43"]
[EventDate "2024.??.??"]

1. c4 e6 2. Nf3 d5 3. g3 Nf6 4. Bg2 dxc4 5. Qa4+ c6 6. Qxc4 b5 7. Qb3 Bb7 8. O-O a6 9. Ne5 Qc7 10. d4 c5 11. Bxb7 Qxb7 12. a4 cxd4 13. axb5 Bc5 14. Nd2 O-O 15. bxa6 Qc7 16. Nd3 Rxa6 17. Rxa6 Nxa6 18. Qa4 Nb8 19. Nb3 Nbd7 20. Nbxc5 Nxc5 21. Qc4 Rc8 22. Bf4 1-0

[Event "OLNN 2324 SK Johanneum Eppendorf - Scha"]
[Site "?"]
[Date "2024.04.28"]
[Round "9.3"]
[White "Bokelbrink, Uwe"]
[Black "Keyser, Robin"]
[Result "0-1"]
[WhiteElo "2223"]
[BlackElo "2153"]
[PlyCount "86"]
[EventDate "2024.??.??"]

1. e4 e6 2. b3 d5 3. Bb2 Nc6 4. exd5 exd5 5. Nf3 a6 6. Be2 Nf6 7. O-O Bd6 8. d4 O-O 9. c4 Re8 10. Nc3 Bg4 11. c5 Bf8 12. a3 Ne4 13. h3 Bh5 14. Re1 Ng5 15. Nh2 Bxe2 16. Rxe2 Rxe2 17. Nxe2 g6 18. Qd3 Bg7 19. Rd1 Ne6 20. b4 Qd7 21. Ng4 h5 22. Ne3 Bh6 23. Bc1 Bg7 24. Nc2 Ne7 25. Ne1 Nf5 26. Nf3 Qb5 27. Qc2 a5 28. g4 hxg4 29. hxg4 Ne7 30. Nf4 Nxf4 31. Bxf4 Qd7 32. Nh2 axb4 33. axb4 Nc6 34. Be3 Nxb4 35. Qb2 Nc6 36. Qxb7 Rb8 37. Qa6 Rb4 38. Qa8+ Kh7 39. Kg2 Qe6 40. Rh1 Rb8 41. Qa4 Kg8 42. Kg3 Qe4 43. Nf3 Ne5 0-1

[Event "OLNN 2324 SK Johanneum Eppendorf - Scha"]
[Site "?"]
[Date "2024.04.28"]
[Round "9.4"]
[White "Zart, Ruediger"]
[Black "Gremmel, Jonas Simon"]
[Result "1/2-1/2"]
[WhiteElo "2152"]
[BlackElo "2108"]
[PlyCount "99"]
[EventDate "2024.??.??"]

1. c4 e6 2. g3 d5 3. Bg2 Nf6 4. Nf3 Be7 5. O-O O-O 6. d4 Nbd7 7. Qc2 c6 8. Nbd2 b5 9. b3 bxc4 10. bxc4 Qa5 11. e4 dxe4 12. Nxe4 Ba6 13. Nxf6+ Bxf6 14. Bd2 Qa3 15. Rab1 Rab8 16. Rb3 Rxb3 17. axb3 Bb7 18. Bc3 Qd6 19. Rd1 Qc7 20. Ra1 a6 21. b4 Re8 22. Re1 Rd8 23. h4 Nb6 24. Qb3 Nc8 25. Qa2 Qb8 26. Qe2 Nd6 27. g4 g6 28. Bd2 Ne8 29. Be3 Qd6 30. c5 Qe7 31. Bg5 Bxg5 32. hxg5 Nc7 33. Qe5 Nd5 34. Rb1 Qc7 35. Bf1 Qxe5 36. dxe5 Nc3 37. Rb3 Nd5 38. Kh2 Kf8 39. Kg3 Ke7 40. Bc4 Nc7 41. Rb1 Nb5 42. Ra1 Nd4 43. Nxd4 Rxd4 44. Bxa6 Rxb4 45. Bf1 Kd8 46. f3 Rb3 47. Rc1 Ra3 48. Rb1 Bc8 49. Rd1+ Ke7 50. Rc1 1/2-1/2

[Event "OLNN 2324 SK Johanneum Eppendorf - Scha"]
[Site "?"]
[Date "2024.04.28"]
[Round "9.5"]
[White "Mix, Clemens"]
[Black "Schroeder, Christoph"]
[Result "1-0"]
[WhiteElo "2032"]
[BlackElo "2187"]
[PlyCount "55"]
[EventDate "2024.??.??"]

1. d4 d5 2. c4 e6 3. Nf3 Nf6 4. Nc3 Be7 5. Bf4 O-O 6. e3 b6 7. Bd3 c5 8. cxd5 exd5 9. dxc5 bxc5 10. O-O Bb7 11. Rc1 Nbd7 12. Qc2 Rc8 13. Rfd1 g6 14. Bb5 Nb6 15. Bh6 Qc7 16. Bxf8 Bxf8 17. Be2 Bh6 18. Na4 Qe7 19. Nxb6 axb6 20. Qb3 d4 21. Nxd4 cxd4 22. Rxc8+ Bxc8 23. Qxb6 Bxe3 24. fxe3 Qxe3+ 25. Kf1 Bg4 26. Bxg4 Nxg4 27. Qd8+ Kg7 28. Qxd4+ 1-0

[Event "OLNN 2324 SK Johanneum Eppendorf - Scha"]
[Site "?"]
[Date "2024.04.28"]
[Round "9.6"]
[White "Wirthgen, Peter"]
[Black "Kull, Florian"]
[Result "1-0"]
[WhiteElo "2143"]
[BlackElo "2119"]
[PlyCount "53"]
[EventDate "2024.??.??"]

1. d4 Nf6 2. c4 e6 3. Nc3 Bb4 4. Qc2 O-O 5. e4 d5 6. e5 Ne4 7. Bd3 c5 8. cxd5 exd5 9. Nge2 cxd4 10. Nxd4 Nd7 11. f4 Ndc5 12. O-O Bxc3 13. bxc3 Bd7 14. Be3 Ba4 15. Nb3 Qc7 16. Rac1 Rac8 17. Bd4 Nxd3 18. Qxd3 Qc4 19. Qe3 b6 20. Nd2 Qxa2 21. Nxe4 dxe4 22. Ra1 Qc4 23. f5 f6 24. exf6 gxf6 25. Rf4 Kf7 26. Rxe4 Rfe8 27. Re6 1-0

[Event "OLNN 2324 SK Johanneum Eppendorf - Scha"]
[Site "?"]
[Date "2024.04.28"]
[Round "9.7"]
[White "Dietz, Juergen"]
[Black "Ahmels, Volker"]
[Result "1/2-1/2"]
[WhiteElo "2122"]
[BlackElo "2163"]
[PlyCount "25"]
[EventDate "2024.??.??"]

1. f4 d5 2. Nf3 Nf6 3. g3 g6 4. Bg2 Bg7 5. O-O O-O 6. d3 c5 7. c3 d4 8. e4 Nc6 9. Qe2 Ne8 10. cxd4 cxd4 11. Na3 f6 12. Bd2 Nd6 13. Rfc1 1/2-1/2

[Event "OLNN 2324 SK Johanneum Eppendorf - Scha"]
[Site "?"]
[Date "2024.04.28"]
[Round "9.8"]
[White "Schueler, Hendrik"]
[Black "Kluenger, Marc"]
[Result "0-1"]
[WhiteElo "2063"]
[BlackElo "2199"]
[PlyCount "76"]
[EventDate "2024.??.??"]

1. d4 d5 2. Nf3 Nf6 3. c4 dxc4 4. g3 Nc6 5. Nc3 e5 6. Nxe5 Nxe5 7. dxe5 Qxd1+ 8. Nxd1 Nd5 9. Bg2 Be6 10. O-O O-O-O 11. Nc3 Nxc3 12. bxc3 Bc5 13. h3 Bd5 14. Bf4 c6 15. Rad1 b5 16. Bg5 Bxg2 17. Kxg2 Rxd1 18. Rxd1 h6 19. Bf4 Rd8 20. Rxd8+ Kxd8 21. Kf3 Kd7 22. Be3 Bxe3 23. Kxe3 c5 24. Ke4 Kc6 25. f4 a5 26. f5 b4 27. cxb4 cxb4 28. f6 gxf6 29. exf6 Kd6 30. Kd4 c3 31. Kd3 Ke5 32. g4 Kxf6 33. h4 Ke5 34. e3 f6 35. h5 Kd5 36. e4+ Ke5 37. Ke3 a4 38. Kd3 a3 0-1